Places with "Port" in their name - Statistics

General Stats
  • This quiz has been taken 43 times
  • The average score is 8 of 15
Answer Stats
Hint Population Answer % Correct
Haiti 2.6m Port-au-{Prince}
100%
USA, Territory 3.2m Puerto {Rico}
100%
Papua New Guinea 364k Port {Moresby}
88%
Benin 285k Porto-{Novo}
76%
Mauritius 147k Port {Louis}
71%
Egypt 797k Port {Said}
64%
UK, Wales 161k {New}port
62%
Nigeria 1.1m Port {Harcourt}
57%
USA, Louisiana 201k {Schreve}port
55%
Mexico, Jalisco 479k Puerto {Vallarta}
40%
USA, Maine 3.6k {Kennebunk}port
24%
India, Andaman Is. 140k Port {Blair}
10%
Australia, NSW 52k Port {Macquarie}
10%
Canada, BC 3.9k Port {Hardy}
2%
UK, Scotland, Skye 2.3k Port{ree}
2%
No matching quizzes found
Score Distribution
Percent of People with Each Score
Percentile by Number Answered
Your Score History
You have not taken this quiz